000 00436nam a2200145Ia 4500
003 OSt
005 20260124115450.0
008 211028s2017 xx 000 0 und d
040 _cAIMIT LIBRARY
041 _aeng
100 _aMahesh, H; Dhananjaya, K.
_g1516080
_97656
245 _aStudy on sales and promotion at max motors hero (motocorp) pvt ltd Bangalore-560010 /
260 _aMangalore
_bDhananjaya K.
_c2017
942 _2ddc
_cPRO
999 _c219224
_d219224